| 000 | 00349 a2200145 4500 | ||
|---|---|---|---|
| 001 | 66219 | ||
| 082 | _a629.1341 STI | ||
| 090 |
_c38508 _d38508 |
||
| 100 | _aStinton Darrol | ||
| 245 | _aDesign of the Airplane 2nd Ed | ||
| 250 | _a2 | ||
| 260 |
_aVirgina _bAIAA Education Series _c2001 |
||
| 300 | _axxx684p | ||
| 650 | _alanding gear design | ||
| 942 |
_aNUST-CAE _k629.1341 STI |
||
| 999 |
_c301292 _d301292 |
||